000 00519nam a2200181Ia 4500
005 20250326125202.0
008 250326s9999 xx 000 0 und d
037 _aTextbook
040 _aFMSL
_beng
_cFMSL
041 _aeng
_2eng
084 _aX(Y:434).44 L4
_qFMSL
100 _aDwivedi D N
245 0 _aEconomic concentration and poverty in India
_cDwivedi D N
260 _aDelhi
_bDelhi, Datta Book Centre
_c1974
300 _a112p
942 _cTB
_hX(Y:434).44 L4
999 _c1276911
_d1276911